Modern Day Countries of Prussia - Statistics

General Stats
  • This quiz has been taken 1,815 times
  • The average score is 6 of 8
Answer Stats
Country % Correct
Germany
93%
Poland
93%
Russia
87%
Czechia
83%
Denmark
82%
Lithuania
80%
Belgium
69%
Switzerland
58%
No matching quizzes found
Score Distribution
Percent of People with Each Score
Percentile by Number Answered
Your Score History
You have not taken this quiz